Statistics for U.S. General Knowledge #3

Click here to take the quiz!

General Stats

  • This quiz has been taken 24,488 times
    (15,782 since last reset)
  • The average score is 11 of 20

Answer Stats

QuestionAnswer% Correct
What is the name of the U.S. President's office?The {Oval} Office
97%
What is the only U.S. state where prostitution is legal?Nevada
78%
What city was mostly destroyed by an earthquake and fire in 1906?San Francisco
73%
What major fast food chain is closed on Sundays?Chick-fil-A
72%
What type of surgery do the main characters of "Nip/Tuck" practice?Plastic Surgery
67%
What area of Florida can be described as a slow-moving, 60 mile wide river?The Everglades
66%
Which department of the U.S. government is headed by the Attorney General?Department of {Justice}
65%
What McDonald's shake can only be purchased around Saint Patrick's Day?The Shamrock Shake
60%
What is the only Major League Baseball team that is not based in the United States?Toronto Blue Jays
58%
What, according to Rover.com, is the most common name for male dogs in the U.S.?
(hint: starts with M)
Max
57%
In what park would you find Half Dome, a mecca for rock climbers?Yosemite
50%
Whose grave is marked by an eternal flame at Arlington National Cemetery?John F. Kennedy
49%
What is the state food of Maryland?Blue Crabs
48%
What company's 2012 bankruptcy caused a brief halt in the production of Twinkies?Hostess
45%
Which deadly sin is a goldbricker guilty of?Sloth
44%
What body has been led by John Jay, John Marshall, and Earl Warren? The Supreme Court
44%
What slippery synthetic substance was Ronald Reagan compared to -
because no scandals stuck to him?
Teflon
43%
What became, in 1960, the first animated series to air on prime-time TV?The Flintstones
36%
What were Big Brown, War Emblem, and Seattle Slew?Racehorses
30%
What Detroit-area stadium was sold in 2009 for just $583,000?The Silverdome
14%

Score Distribution

Percentile by Number Answered

Percent of People with Each Score

Your Score History

You have not taken this quiz since the last reset